000 00640nam a2200181 a 4500
005 20210219160231.0
008 080929s1993 mx r 000 0 spa d
035 _aUPN01000161255
049 _aUNE
080 _a37.014. 53(81) =690 "1993" DEM.
245 0 _aA Democratizaçao do ensino em 15 municipios Brasileiros :
_bDocumento sintese.
260 _aBrasil :
_bCENPEC;
_bUNICEF;
_bMinisterio de Educaçao e do Desporto,
_c1993.
300 _a55 p. ;
690 _aDemocratizacion de la educacion- Brasil
690 _aDesarrollo de la educacion- Brasil
710 1 _aBrasil. Ministerio de Educaçao e do Desporto.
905 _aUNESCO
999 _c133368
_d133368